A course in abstract algebra / (Record no. 145849)

MARC details
000 -LEADER
fixed length control field 00885nam a22002657a 4500
005 - DATE AND TIME OF LATEST TRANSACTION
control field 20230628114914.0
010 ## - LCCN (DPL NO)
LC control number ENG-121474 ENG-137202
020 ## - INTERNATIONAL STANDARD BOOK NUMBER
International Standard Book Number 9789352593200
Terms of availability 530.00
035 ## - SYSTEM CONTROL NUMBER
System control number EN-105006 EN-120734
035 ## - SYSTEM CONTROL NUMBER
System control number B-685734-746
037 ## - SOURCE OF ACQUISITION
Source of stock number/acquisition Asian
Stock number dpl
037 ## - SOURCE OF ACQUISITION
Source of stock number/acquisition DBAD/PUB
037 ## - SOURCE OF ACQUISITION
Source of stock number/acquisition ABC
Stock number DPL
082 ## - DEWEY DECIMAL CLASSIFICATION NUMBER
Classification number 512.02
100 ## - MAIN ENTRY--PERSONAL NAME
Personal name Khanna, Vijay K.
245 ## - TITLE STATEMENT
Title A course in abstract algebra /
Statement of responsibility, etc by Vijay K Khanna [and] S K Bhambri
250 ## - EDITION STATEMENT
Edition statement 5th ed
260 ## - PUBLICATION, DISTRIBUTION, ETC. (IMPRINT)
Place of publication, distribution, etc Noida
Name of publisher, distributor, etc Vikas Publishing House
Date of publication, distribution, etc 2017
270 ## - ADDRESS
Address E-28,Sector-8
City Noida(UP)
Postal code 201301
300 ## - PHYSICAL DESCRIPTION
Extent ix,869p.
Dimensions 24cm(pbk)
500 ## - GENERAL NOTE
General note includes index
700 ## - ADDED ENTRY--PERSONAL NAME
Personal name Bhambri, S K
942 ## - ADDED ENTRY ELEMENTS (KOHA)
Source of classification or shelving scheme Dewey Decimal Classification
Item type English Books
Call number suffix KHA
Classification part 512.02
Holdings
Withdrawn status Lost status Not for loan Collection code Home library Current library Date acquired Source of acquisition Cost, normal purchase price Full call number Barcode Copy number Cost, replacement price Koha item type
      Non-fiction Ashok Vihar Ashok Vihar 18/01/2018 ABC/5278/5.12.17/BPPD/EN/2017-18/636/20.11.17/6.1.2018 530.00 512.02 KHA B-685735 1 530.00 English Books
      Non-fiction Bagh Kadhe Khan Bagh Kadhe Khan 18/01/2018 ABC/5278/5.12.17/BPPD/EN/2017-18/636/20.11.17/6.1.2018 530.00 512.02 KHA B-685743 1 530.00 English Books
    Not For Loan Non-fiction D.B.Act.Division Bawana 18/11/2017 DBAD/PUB 530.00 512.02 KHA EN-105006 1 530.00 English Books
      Non-fiction Bawana Bawana 18/01/2018 ABC/5278/5.12.17/BPPD/EN/2017-18/636/20.11.17/6.1.2018 530.00 512.02 KHA B-685745 1 530.00 English Books
      Non-fiction Bawana Bawana 28/06/2023 DBAD/PUB 530.00 512.02 KHA EN-120734 1 530.00 English Books
      Non-fiction Central Library Central Library 18/01/2018 ABC/5278/5.12.17/BPPD/EN/2017-18/636/20.11.17/6.1.2018 530.00 512.02 KHA B-685734 1 530.00 English Books
      Non-fiction Janak Puri Janak Puri 18/01/2018 ABC/5278/5.12.17/BPPD/EN/2017-18/636/20.11.17/6.1.2018 530.00 512.02 KHA B-685740 1 530.00 English Books
      Non-fiction Kasturba Gandhi Marg Kasturba Gandhi Marg 18/01/2018 ABC/5278/5.12.17/BPPD/EN/2017-18/636/20.11.17/6.1.2018 530.00 512.02 KHA B-685737 1 530.00 English Books
      Non-fiction Narela Narela 18/01/2018 ABC/5278/5.12.17/BPPD/EN/2017-18/636/20.11.17/6.1.2018 530.00 512.02 KHA B-685744 1 530.00 English Books
      Non-fiction New Rohtak Road New Rohtak Road 18/01/2018 ABC/5278/5.12.17/BPPD/EN/2017-18/636/20.11.17/6.1.2018 530.00 512.02 KHA B-685742 1 530.00 English Books
      Non-fiction Patel Nagar Patel Nagar 18/01/2018 ABC/5278/5.12.17/BPPD/EN/2017-18/636/20.11.17/6.1.2018 530.00 512.02 KHA B-685736 1 530.00 English Books
      Non-fiction Peshwa Road Peshwa Road 18/01/2018 ABC/5278/5.12.17/BPPD/EN/2017-18/636/20.11.17/6.1.2018 530.00 512.02 KHA B-685738 1 530.00 English Books
      Non-fiction Sarojini Nagar Sarojini Nagar 18/01/2018 ABC/5278/5.12.17/BPPD/EN/2017-18/636/20.11.17/6.1.2018 530.00 512.02 KHA B-685741 1 530.00 English Books
      Non-fiction Shahdara Branch Shahdara Branch 18/01/2018 ABC/5278/5.12.17/BPPD/EN/2017-18/636/20.11.17/6.1.2018 530.00 512.02 KHA B-685746 1 530.00 English Books
      Non-fiction Tri Nagar Tri Nagar 18/01/2018 ABC/5278/5.12.17/BPPD/EN/2017-18/636/20.11.17/6.1.2018 530.00 512.02 KHA B-685739 1 530.00 English Books

© Delhi Public Library
Hit Counter
free hit counter